Quinto congreso celebrado en... Valladolid del 17 al 22 de octubre de 1915 / (Record no. 46715)

MARC details
000 -LEADER
campo de control de longitud fija 01167nam a2200193 i 4500
001 - NÚMERO DE CONTROL
campo de control 46715
003 - IDENTIFICADOR DE NÚMERO DE CONTROL
campo de control ES-MaACL
005 - FECHA Y HORA DE LA ÚLTIMA TRANSACCIÓN
campo de control 20230906161432.0
007 - CAMPO FIJO DE DESCRIPCIÓN FÍSICA--INFORMACIÓN GENERAL
campo de control de longitud fija t|
008 - DATOS DE LONGITUD FIJA--INFORMACIÓN GENERAL
campo de control de longitud fija 030331m19151916sp 10110 spa d
110 2# - ENTRADA PRINCIPAL--NOMBRE DE ENTIDAD CORPORATIVA
Nombre de entidad corporativa o nombre de jurisdicción como elemento de entrada Asociación Española para el Progreso de las Ciencias.
Unidad subordinada Congreso (
Número del congreso/reunión o número de parte o sección 5º.
Fecha del congreso o de la firma del tratado 1915.
Sede del congreso/Lugar de la reunión Valladolid)
9 (RLIN) 1700
245 10 - MENCIÓN DEL TÍTULO
Título Quinto congreso celebrado en... Valladolid del 17 al 22 de octubre de 1915 /
Mención de responsabilidad, etc. Asociación Española para el Progreso de las Ciencias.
260 ## - PUBLICACIÓN, DISTRIBUCIÓN, ETC.
Lugar de publicación, distribución, etc. Madrid :
Nombre del editor, distribuidor, etc. [s.n.],
Fecha de publicación, distribución, etc. 1915-1916 (
Fabricante Imp. de Eduardo Arias)
300 ## - DESCRIPCIÓN FÍSICA
Extensión 10 t. en 3 v. ;
Dimensiones 24 cm.
505 8# - NOTA DE CONTENIDO CON FORMATO
Nota de contenido con formato 1. Discursos de apertura - 2. Conferencias de las secciones - 3. Sección I. Ciencias matemáticas - 4. Sección II. Astronomía y física del Globo - 5. Ciencias físico-químicas - 6. Sección IV. Ciencias naturales - 7. Sección V. Ciencias sociales - 8. Sección VI. Ciencias filosóficas, históricas y filológicas - 9. Sección VII. Ciencias médicas - 10. Sección VIII. Ciencias de aplicación
650 #4 - PUNTO DE ACCESO ADICIONAL DE MATERIA--TÉRMINO DE MATERIA
Término de materia o nombre geográfico como elemento de entrada Ciencias-
Subdivisión de forma Congresos y asambleas.
9 (RLIN) 147508
710 2# - ENTRADA AGREGADA--NOMBRE DE ENTIDAD CORPORATIVA
Nombre de entidad corporativa o nombre de jurisdicción como elemento de entrada Asociación Española para el Progreso de las Ciencias.
9 (RLIN) 1705
852 4# - LOCALIZACIÓN
Ubicación ES-MaACL
Número de control de estantería D-8666-68
Holdings
Estatus retirado Estado de pérdida Estado de daño No para préstamo Biblioteca de origen Biblioteca actual Ubicación en estantería Fecha de adquisición Fuente de adquisición Total de préstamos Signatura topográfica completa Código de barras Visto por última vez Precio de reemplazo Tipo de ítem Koha
        Biblioteca del Ateneo de Madrid Biblioteca del Ateneo de Madrid Sala Valle Inclán 17/01/2008     D-8666-68 901049134 23/02/2023 23/02/2023 Libro impreso